000 01714cam a22004574i 4500
003 PE-LiUPU
005 20250731173553.0
008 150616s r 000 0 d
020 _a0198263880
035 _a(Sirsi) i9780198263883
040 _aPE-LiUPU
_bspa
_cPE-LiUPU
_erda
049 _aPRUA
082 0 4 _a230.225
_bC16
_221
100 1 _aCaird, G.B.,
_eautor.
245 1 0 _aNew Testament Theology /
_cG. B. Caird.
264 1 _aNew York :
_bOxford University Press Inc.,
_c1995.
300 _a498 páginas ;
_c22 centímetros
336 _atext
_2rdacontent
337 _aunmediated
_2rdamedia
338 _avolume
_2rdacarrier
505 0 _aIntroduction: the apostolic conference.- The divine plan.- The need of salvation.- The three tenses of salvation.- The fact of salvation.- The fact of salvation.- The experience of salvation.- The hope of salvation.- The bringer of salvation.- The theology of Jesus.- Summary and conclusions.- Epilogue.
526 _aSEG42
526 _aSEG41
526 _aSEG40
526 _aSEG39
526 _aP94
526 _aP87
526 _aP86
526 _aP85
526 _aP77
526 _aP76
526 _aP35
630 _aBiblia.
_pN.T.
_xTEOLOGIA.
910 _ajck
_bjvq
_cjck
942 _2ddc
_cBOOK
949 _a230.225 C16
_wDEWEY
_c1
_i43319
_lCCODEBUL1
_mBUL
_r0
_sY
_tBOOK
_u2015-6-16
_xTEOLOGIA
_zUNKNOWN
_0COMPRA
_o.STAFF. Colección General
994 _aC0
_bPEPRU
596 _a1
999 _a230.225 C16
_wDEWEY
_c61288
_i43319
_f2021-11-9
_g5
_lCCODEBUL1
_mBUL
_q1
_r0
_sY
_tBOOK
_u2015-6-16
_xTEOLOGIA
_zUNKNOWN
_0COMPRA
_o.STAFF. Colección General
_d61288
980 _81
_gALBERTO SANCHEZ Responsable de Automatización